|
|
|
|
| LEADER |
01220nab#a2200313#ar4500 |
| 001 |
000072863 |
| 003 |
SVKKK |
| 005 |
20030415xxxxxxx. |
| 008 |
06 c xo huno |
| FMT |
|
|
|
| 038 |
|
|
|a SVKKK
|
| 040 |
|
|
|a SVKKK
|b slo
|e AACR2
|
| 041 |
0 |
|
|a hun
|
| 044 |
|
|
|a xo
|c SK
|
| 080 |
|
|
|a 177.7:368:614.84:061.2
|
| 242 |
1 |
0 |
|a Dar
|
| 245 |
0 |
0 |
|a Adomány
|
| 500 |
|
|
|a mikrofilm
|
| 520 |
2 |
|
|a Správa o tom, že 1. uhorská všeobecná poisťovacia spoločnosť - pobočka Humenné (Az Első Magyar Általános Biztositó Társaság homonnai fiókja) prostredníctvom svojho agenta Arnolda Fabiana darovala 40 korún na podporu humenského hasičského zboru.
|
| 650 |
0 |
4 |
|a Az Első Magyar Általános Biztositó Társaság pozri Prvá uhorská všeobecná poisťovacia spoločnosť
|
| 650 |
0 |
4 |
|a dobročinnosť - spoločnosť poisťovacia - Fabian, Arnold (agent poisťovací) (darca) - zbor hasičský, Humenné (adresát) - júl 1908 - správy
|
| 773 |
0 |
|
|t Felvidéki Hirlap : Közgazdasági, társadalmi és szépirodalmi hetilap
|g Roč. 1, č. 17 (05.07.1908) s. 3
|
| 957 |
|
|
|a Humenné
|
| 958 |
|
|
|a DG
|
| 958 |
|
|
|a SK
|
| 974 |
|
|
|a Ba
|d 20030415
|
| 992 |
|
|
|a RBX
|
| BAS |
|
|
|
| 998 |
|
|
|a RETRO
|